ROZDZIAŁ I - Statystyki

Ogólne statystyki
  • Ten quiz został rozwiązany 7 razy
  • Średni wynik to 24 z 66
Statystyki odpowiedzi
Hint Odpowiedź % Poprawnych
Szef Boss
100%
Współpracownik Co-worker
100%
Manager Manager
100%
Projekt Project
100%
Praca Work
100%
Kolega z pracy Colleague
75%
Zastępca Deputy
75%
Stażysta Intern
75%
Praca Job
75%
Przełożony Supervisor
75%
Zadanie Task
75%
Konta/ Księgi rachunkowe Accounts
50%
Język ciała Body language
50%
Dyscyplina Discipline
50%
Dress code Dress code
50%
Etykieta (zachowania) Etiquette
50%
Ból głowy Headache
50%
Inicjatywa Initiative
50%
Opiekować się Look after
50%
Otwarte pytanie Open question
50%
Zgłosić bezpośrednio Report directly
50%
Dbać o coś Take care
50%
Odpady Waste
50%
Pracować jako Work as
50%
Pracować w (konkretna firma) Work at
50%
Pracować w (branża) Work in
50%
Pracować nad Work on
50%
Pracować pod kimś Work under
50%
Bicie Beating
25%
Być znowu szczęśliwym po złej sytacji Bounce back
25%
Biblioteka CD i muzyczna CD and music library
25%
Polityka edukacyjna Educational policy
25%
Skrzynia biegów Gearbox
25%
Odpowiedzialny za in charge of sth
25%
Pytanie/kwestia prawna Legal question
25%
Mail do wielu ludzi na raz Mailshot
25%
Schemat organizacji Organigram
25%
Organizować koncert Organizing concert
25%
Ogólna postawa w stosunku do czegoś Outlook
25%
Wyrazić czyjeś myśli w innych słowach Paraphrase
25%
Perspektywa na coś Perspective
25%
Załapać coś Pick up
25%
Planować terminarz Planning timetable
25%
Poprzednik Predecessor
25%
Relacja publiczna Public relation
25%
Nabywczy Purchasing
25%
Jakość i reklamacje Quality and complaints
25%
Odpowiedzialny za Responsible for
25%
Prowadzić coś np. firmę Run sth on
25%
Wynagrodzenia Salaries
25%
System dźwiękowy Sound system
25%
Przejąć kontrolę nad czymś Take over
25%
Współpracować razem Work alongside
25%
Część książki na samym końcu z dodatkowymi informacjami Appendix
0%
Zadanie Assignment
0%
Współpracownik Associate
0%
Samorząd Autonomy
0%
Czyszczenie i konserwacja Cleaning and maintance
0%
Współpracownik Collaborator
0%
Zajmować się czymś Deal with
0%
Powiedzieć to samo co ktoś inny echo
0%
Naprawa instrumentów Instrument repairs
0%
Ubezpieczenie Insurance
0%
Współpracować z kimś Liaises with sb
0%
Dobra relacja między ludźmi Rapport
0%
Śmiać się z kogoś (w przyjazny sposób) Take the mickey
0%
Nie znaleziono quizów pasujących do podanych kryteriów
Rozkład punktacji
Procent ludzi z każdym wynikiem
Percentyl według liczby udzielonych odpowiedzi
Twoja historia wyników
Nie rozwiązałeś tego quizu